000
00303nam a22001457a 4500
008
210301b ||||| |||| 00| 0 eng d
020
_a
9780899707914
041
_a
eng
080
_a
61
082
_a
61
100
_a
3
101
_a
SHM
245
_a
Code of Medical Ethics
_c
CEJA
942
_2
udc
_c
BK
999
_c
55331
_d
55331